书目信息 |
| 题名: |
陈云的智慧
|
|
| 作者: | 曹应旺 著 | |
| 分册: | ||
| 出版信息: | 上海 上海人民出版社 2021.12 |
|
| 页数: | 260页 | |
| 开本: | 24cm | |
| 丛书名: | ||
| 单 册: | ||
| 中图分类: | K827=75 | |
| 科图分类: | ||
| 主题词: | ||
| 电子资源: | ||
| ISBN: | 978-7-208-17371-2 | |
| 000 | 01202nam0 2200253 450 | |
| 001 | 29390 | |
| 005 | 20221017155442.10 | |
| 010 | @a978-7-208-17371-2@dCNY68.00 | |
| 100 | @a20220110d2021 em y0chiy50 ea | |
| 101 | 0 | @achi |
| 102 | @aCN@b310000 | |
| 105 | @ay a 000yd | |
| 200 | 1 | @a陈云的智慧@Achen yun de zhi hui@f曹应旺著 |
| 210 | @a上海@c上海人民出版社@d2021.12 | |
| 215 | @a260页@d24cm | |
| 314 | @a曹应旺, 1951年2月生, 原中共中央文献研究室第五编研部研究员、巡视员, 享受国务院颁发的政府特殊津贴。 | |
| 320 | @a有书目 | |
| 330 | @a本书是作者根据积累的材料, 结合陈云财经工作、党建工作、军事工作、文化工作等研究陈云思想方法的一本书。该书分为三个部分: 第一部分是从整体上研究陈云的思想方法。在研究陈云历史贡献的同时研究了他的思想方法。第二部分是从财经工作的角度研究了陈云的经济思想和财经工作方法。分别从财经工作总体上, 从金融工作上, 从治水工作上, 从武汉调查上, 从抗美援朝财经工作上, 从建国前财经工作方法上, 从陈云经济思想上进行了研究。第三部分是研究陈云的用人之道和学习之道。 | |
| 600 | 0 | @a陈云,@Achen yun@f1905-1995@x人物研究 |
| 690 | @aK827=75@v5 | |
| 701 | 0 | @a曹应旺@Acao ying wang@4著 |
| 801 | 0 | @aCN@c20220910 |
| 905 | @a河南城建学院图书馆@dK827=75@eC635@f2 | |
| 962 | @a7330699 | |
| 陈云的智慧/曹应旺著.-上海:上海人民出版社,2021.12 |
| 260页;24cm |
| ISBN 978-7-208-17371-2:CNY68.00 |
| 本书是作者根据积累的材料, 结合陈云财经工作、党建工作、军事工作、文化工作等研究陈云思想方法的一本书。该书分为三个部分: 第一部分是从整体上研究陈云的思想方法。在研究陈云历史贡献的同时研究了他的思想方法。第二部分是从财经工作的角度研究了陈云的经济思想和财经工作方法。分别从财经工作总体上, 从金融工作上, 从治水工作上, 从武汉调查上, 从抗美援朝财经工作上, 从建国前财经工作方法上, 从陈云经济思想上进行了研究。第三部分是研究陈云的用人之道和学习之道。 |
| ● |
| 相关链接 |
|
|
|
正题名:陈云的智慧
索取号:K827=75/C635
 
预约/预借
| 序号 | 登录号 | 条形码 | 馆藏地/架位号 | 状态 | 备注 |
| 1 | 1582940 | 215829405 | 社科库309/309社科库 59排3列1层/ [索取号:K827=75/C635] | 在馆 | |
| 2 | 1582941 | 215829414 | 社科库309/309社科库 59排3列1层/ [索取号:K827=75/C635] | 在馆 |